00447pab a2200157 454500008004000000100002300040245006100063260000900124300001400133362000800147650003300155650003900188650002600227700001800253773001800271180718b2008 xxu||||| |||| 00| 0 eng d aKhasrul, Kazi S.M. aChallenges of governance in Bangladesh: some reflections c2008 ap.274-91. aJun aGood governance - Bangladesh aPublic administration - Bangladesh aPublic administration aQuddusi, Alam aSocial Change